Toulouse-Lautrec (Record no. 1475)

MARC details
000 -CABECERA
campo de control de longitud fija 01355nam a2200313 a 4500
001 - NÚMERO DE CONTROL
campo de control BRCA_1682
005 - FECHA Y HORA DE LA ÚLTIMA TRANSACCIÓN
campo de control 20190320203515.0
008 - DATOS DE LONGITUD FIJA--INFORMACIÓN GENERAL
campo de control de longitud fija 880822s1989 caua---##b---#001-0#eng-#
020 ## - NÚMERO INTERNACIONAL ESTÁNDAR DEL LIBRO
Número Internacional Estándar del Libro 0937108073
040 ## - FUENTE DE LA CATALOGACIÓN
Centro catalogador/agencia de origen DLC
Centro/agencia transcriptor DLC
Centro/agencia modificador DLC
050 #4 - SIGNATURA TOPOGRÁFICA DE LA BIBLIOTECA DEL CONGRESO
Número de clasificación NE553.L3
Número de documento/Ítem .T68 1989
245 10 - MENCIÓN DE TÍTULO
Título Toulouse-Lautrec
Resto del título the Baldwin M. Baldwin Collection
Mención de responsabilidad, etc. curator of European Art Nora Desloge ; with essays by Phillip Dennis Cate, Julia Frey.
250 ## - MENCIÓN DE EDICIÓN
Mención de edición 2
260 ## - PUBLICACIÓN, DISTRIBUCIÓN, ETC.
Lugar de publicación, distribución, etc. San Diego
Nombre del editor, distribuidor, etc. San Diego Museum of Art
Fecha de publicación, distribución, etc. 1989
300 ## - DESCRIPCIÓN FÍSICA
Extensión 263 p.
Otras características físicas il. (algunas a color)
Dimensiones 29 cm.
500 ## - NOTA GENERAL
Nota general Título del lomo : Henri de Toulouse-Lautrec
500 ## - NOTA GENERAL
Nota general Catálogo de la exposición realizada en The San Diego Museum of Art, 15 octubre - 31 diciembre, 1988 y en el Museo Franz Mayer (Ciudad de México), 19 febrero - 12 abril, 1998
504 ## - NOTA DE BIBLIOGRAFÍA, ETC.
Nota de bibliografía, etc. Bibliografía: p. 261
600 14 - PUNTO DE ACCESO ADICIONAL DE MATERIA--NOMBRE DE PERSONA
Nombre de persona Toulouse-Lautrec, Henri de
Fechas asociadas al nombre 1864-1901
Subdivisión general Exposiciones
9 (RLIN) 5251
610 24 - PUNTO DE ACCESO ADICIONAL DE MATERIA--NOMBRE DE ENTIDAD CORPORATIVA
Nombre de entidad corporativa o nombre de jurisdicción como elemento de entrada Baldwin M. Foundation
Subdivisión general Colecciones de arte
9 (RLIN) 5252
610 24 - PUNTO DE ACCESO ADICIONAL DE MATERIA--NOMBRE DE ENTIDAD CORPORATIVA
Nombre de entidad corporativa o nombre de jurisdicción como elemento de entrada San Diego Museum
Subdivisión de forma Exposiciones
9 (RLIN) 5253
650 14 - PUNTO DE ACCESO ADICIONAL DE MATERIA--TÉRMINO DE MATERIA
Término de materia o nombre geográfico como elemento de entrada Litografía
Subdivisión general Colecciones privadas
Subdivisión geográfica California (Estados Unidos)
9 (RLIN) 5254
700 1# - PUNTO DE ACCESO ADICIONAL--NOMBRE DE PERSONA
Nombre de persona Toulouse-Lautrec, Henri de
Fechas asociadas al nombre 1864-1901
9 (RLIN) 5255
700 1# - PUNTO DE ACCESO ADICIONAL--NOMBRE DE PERSONA
Nombre de persona Desloge, Nora
9 (RLIN) 5256
700 1# - PUNTO DE ACCESO ADICIONAL--NOMBRE DE PERSONA
Nombre de persona Cate, Phillip Dennis
9 (RLIN) 5257
700 1# - PUNTO DE ACCESO ADICIONAL--NOMBRE DE PERSONA
Nombre de persona Frey, Julia Bloch
Fechas asociadas al nombre 1943-
9 (RLIN) 5258
740 0# - PUNTO DE ACCESO ADICIONAL--TÍTULO RELACIONADO O ANALÍTICO NO CONTROLADO
Título relacionado o analítico no controlado Henri de Toulouse-Lautrec
942 ## - ELEMENTOS DE PUNTO DE ACCESO ADICIONAL (KOHA)
Fuente del sistema de clasificación o colocación Library of Congress Classification
Tipo de ítem Koha Libros
Holdings
Estado de retiro Estado de pérdida Estado dañado No para préstamo Localización permanente Ubicación/localización actual Fecha de adquisición Total de préstamos Signatura topográfica completa Código de barras Fecha visto por última vez Precio válido a partir de Tipo de ítem Koha
El ejemplar forma parte de la colección y puede ser consultado según las políticas vigentes.       Biblioteca del Museo Franz Mayer (Rogerio Casas-Alatriste) Biblioteca del Museo Franz Mayer (Rogerio Casas-Alatriste) 27/06/2008   NE553.L3 .T68 1989 02319 22/03/2019 22/03/2019 Libros